书目信息 |
| 题名: |
芦荟
|
|
| 作者: | 熊佑清 著 | |
| 分册: | ||
| 出版信息: | 北京 中国农业大学出版社 1999.04 |
|
| 页数: | 250页 | |
| 开本: | 20cm | |
| 丛书名: | ||
| 单 册: | ||
| 中图分类: | S567.23 | |
| 科图分类: | ||
| 主题词: | 经济作物 | |
| 电子资源: | ||
| ISBN: | 7-81066-099-3 | |
| 000 | 00653nam0 2200205 45 | |
| 001 | 0004070866 | |
| 005 | 20000407084012.1 | |
| 010 | @a7-81066-099-3@d19.80元 | |
| 100 | @a20000407d1999 km y0chiy0120 ea | |
| 101 | 0 | @achi |
| 105 | @a z 000yy | |
| 200 | 1 | @a芦荟@ALu Hui@e识芦荟 栽芦荟 用芦荟@EShi Lu Hui ZaiLu Hui Yong Lu Hui@f熊佑清 著@FXiong You Qing Zhu |
| 210 | @a北京@c中国农业大学出版社@d1999.04 | |
| 215 | @a250页@c图@d20cm | |
| 517 | @a识芦荟 栽芦荟 用芦荟@AShi Lu Hui Zai Lu Hui Yong Lu Hui | |
| 606 | 0 | @a经济作物 |
| 690 | @aS567.23@v3 | |
| 701 | 0 | @a熊佑清@4著 |
| 801 | @aCN@bPftUser@c20000407 | |
| 905 | @aBZT@b71152-153@dS567.23@e1@f2 | |
| 芦荟:识芦荟 栽芦荟 用芦荟/熊佑清 著.-北京:中国农业大学出版社,1999.04 |
| 250页:图;20cm |
| ISBN 7-81066-099-3:19.80元 |
| ● |
| 相关链接 |
|
|
|
正题名:芦荟
索取号:S567.23/1
 
预约/预借
| 序号 | 登录号 | 条形码 | 馆藏地/架位号 | 状态 | 备注 |
| 1 | 71152 | 200721460 | 中心书库中库/ 中库033架A面8列1层14/ [索取号:S567.23/1] | 在馆 | |
| 2 | 71153 | 200721451 | 中心书库中库/ 中库033架A面8列1层13/ [索取号:S567.23/1] | 在馆 |